00501nas a2200205 4500000000100000008004100001260001300042653003100055653001100086653002700097653001300124653001200137653002000149653000900169245005200178300001200230490000700242050003200249022001400281 1982 d c1982 Apr10aBacteriological Techniques10aHumans10aImmunologic Techniques10aLepromin10aleprosy10aSerologic Tests10aSkin00aDetection of sub-clinical infection in leprosy. a193-2070 v54 aInfolep Library - available a0024-1024